Hodnota času, priestoru a znalostí v novej ekonomike ako funkcia medzinárodnej logistiky diplomová práca

Saved in:
Bibliographic Details
Main Author: Dinka, Dávid
Corporate Author: Obchodná fakulta EU. Katedra medzinárodného obchodu
Other Authors: Kittová, Zuzana, 1975-
Format: Book
Language:Slovak
Published: Bratislava 2022
Tags: Add Tag
No Tags, Be the first to tag this record!

MARC

LEADER 00000nbm a2200000 4500
001 0287505
005 20221202103545.6
041 0 |a slo 
044 |a SK 
245 1 0 |a Hodnota času, priestoru a znalostí v novej ekonomike ako funkcia medzinárodnej logistiky  |b diplomová práca  |c Dávid Dinka ; školiteľ: Zuzana Kittová 
264 1 |a Bratislava  |c 2022 
300 |a 106 s. 
100 1 |a Dinka, Dávid 
700 1 |a Kittová, Zuzana, 1975- 
710 2 |a Obchodná fakulta EU. Katedra medzinárodného obchodu